000 00449nam a22001457a 4500
005 20240306141645.0
008 240306b ||||| |||| 00| 0 eng d
040 _cAL
041 _aeng
082 _223
_a658.3
_bPERS
245 _aPersonnel Management Practices in a Public Sector Undertaking:
_bA Case Study of Astral Watches Ltd
260 _aMangalore
_bSt Aloysius College
_c1995
700 _aRAMACHANDRAN (Sanjay)
_9153246
942 _2ddc
_cPRO
999 _c230106
_d230106